000 00706nam a2200217Ia 4500
003 OSt
005 20230523164147.0
008 210423s2013 xx 000 0 und d
020 _a978-0-19-966793-2
040 _cAL
041 _aeng
082 _a540 BURC
_223
100 _aBURROWS (Andrew);HOLMAN (John);PARSONS (Andrew);PILLING (Gwen);PRICE (Gareth).
_9111611
245 _aChemistry 3: introducing inorganic organic and physical chemistry.
260 _aNew Delhi
_bOxford University Press
_c2013
300 _axviii,1394
_bPB
365 _b1361
_cINR
650 _aChemistry
_9111612
906 _a3: ; Chemistry ; chemistry. ; inorganic ; introducing ; organic ; physical
942 _2ddc
_cBK
999 _c165325
_d165325